| 000 | 00373pab a2200157 454500 | ||
|---|---|---|---|
| 008 | 180718b2003 xxu||||| |||| 00| 0 eng d | ||
| 100 | _aSen, Sankar | ||
| 245 | _aIndian police - vision for the future | ||
| 260 | _c2003 | ||
| 300 | _ap.70-73. | ||
| 362 | _aApr-Jun | ||
| 650 | _aPolice - India | ||
| 650 | _aPolice | ||
| 773 | _aIndian Police Journal | ||
| 909 | _a59450 | ||
| 999 |
_c59450 _d59450 |
||